000 01253 a2200217 4500
003 MN-UlNLM
005 20220505204759.0
008 a130t2013 mp ||||| |||| 00| mon d
020 _a978-99962-4850-4
040 _aМонгол Улсын Үндэсний номын сан
084 _a84(5Мон)-44
_2NNA
_bХ 107
_q84
245 1 _aХаан цадиг
_bТүүхэн туужис
_cЭрхл. Д.Гүн-Үйлс, Тех. ред. М.Тэгшжаргал
260 0 _c2013
_aУБ
300 _a624х
546 _aMongolia
653 _aУран зохиол
_aМонголын уран зохиол Тууж
740 _aС.Пүрэв Бөх Бэлгүтэй.
_aБ.Өлзийсүрэн Ботохой хатан.
_aТ.Баянсан Эзний хязгаарт.
_aТ.Жамбалдорж Орчилдсон тэнгэр.
_aЧ.Жанчивдорж Гэрэлт цагаан суварга.
_aД.Мягмарсүрэн Галдан бошгот хаан.
_aБ.Ойдов Орлой мэргэн цагаан.
_aС.Оюун Алтан урагийн босго.
_aД.Цэнджав Улаан тэргэл сар.
_aХ.Зандраабайдий Дөрвөн зүгийн дайсны дунд.
856 _aprintbook
942 _cBK
999 _c45415
_d45415